000 01268cam a2200385 a 4500
001 13096504
003 OSt
005 20140310184303.0
008 030220s2002 nyu b 000 1 eng d
010 _a 2003268600
020 _a0439460832
035 _a(OCoLC)ocm49535939
040 _aIMF
_cIMF
_dTJC
_dDLC
042 _alccopycat
043 _an-us-ga
_an-us---
050 0 0 _aPS 3568.I467 .R578 2003
100 1 _aRinaldi, Ann.
_923071
245 1 0 _aNumbering all the bones /
_cAnn Rinaldi.
250 _a1st ed.
260 _aNew York :
_bscholastic,
_c2003.
300 _a170 p. :
_c22 cm.
521 _aG4
526 _c600
650 0 _aSlaves
_zUnited States
_vFiction.
_923072
650 0 _aTeenage girls
_vFiction.
_923073
651 0 _aUnited States
_xHistory
_yCivil War, 1861-1865
_xAfrican Americans
_vFiction.
_923074
651 0 _aGeorgia
_vFiction.
_923075
655 7 _aHistorical fiction.
_2gsafd
_92926
856 4 2 _3Publisher description
_uhttp://www.loc.gov/catdir/enhancements/fy0913/2003268600-d.html
906 _a7
_bcbc
_ccopycat
_d2
_encip
_f20
_gy-gencatlg
942 _2lcc
_cBK-SCHOLAS
999 _c33471
_d33471